000 00674nam a2200217Ia 4500
003 GCL
005 20240530105236.0
008 140319s9999 xx 000 0 ara d
040 _aGCL /
_cGCL
082 0 4 _a940.53
_bت م
100 1 _aونستون تشرشل
245 1 0 _aمذكرات ونستون تشرشل /
_cونستون تشرشل
260 _a[S.N] :
_bدار اسامة للنشر والتوزيع
300 _a1118 ص
650 0 4 _aبريطانيا
650 0 4 _aالتاريخ الحديث
650 0 4 _aونستون تشرشل
650 0 4 _aالحرب العالمية الثانية 1939 - 1945
700 1 _aخيرى حماد
942 _2ddc
_cBK
999 _c54254
_d54254